MARC

LEADER 00000nam0a2200000 4500
001 296966
005 20231102000947.0
035 |a (RuTPU)RU\TPU\book\322086 
090 |a 296966 
100 |a 20150604d1951 k y0rusy50 ca 
101 0 |a rus 
102 |a RU 
105 |a a z 001zy 
200 1 |a Первые русские электростанции  |f М. О. Каменецкий 
210 |a Москва  |a Ленинград  |c Госэнергоиздат  |d 1951 
215 |a 132 с.  |c ил. 
320 |a Библиогр.: с. 128-131. 
320 |a Указатели: с. 122-127. 
606 1 |a Электрические станции  |2 stltpush  |3 (RuTPU)RU\TPU\subj\27616  |9 51341 
610 1 |a история 
610 1 |a Россия 
610 1 |a электрическая энергия 
610 1 |a производство 
610 1 |a централизация 
610 1 |a электроснабжение 
610 1 |a техническое развитие 
675 |a 621.311.2  |v 3 
700 1 |a Каменецкий  |b М. О. 
801 1 |a RU  |b 63413507  |c 20150604 
801 2 |a RU  |b 63413507  |c 20151007  |g RCR 
942 |c BK